Seriál : O riadení úverového rizika

Modely predpovedania zlyhania podnikateľského subjektu . Metóda jednorozmernej diskriminačnej analýzy. Beaverov model. Zmijevského model. Metóda viacrozmernej diskriminačnej analýzy. Altmanovo Z-skóre. Interpretácia dosiahnutého Z-skóre. Modifikáciu Altmanovho modelu na podmienky českých podnikov. S...

Celý popis

Uložené v:
Podrobná bibliografia
Hlavný autor: Pilch, Ctibor, 1957-
Médium: Kapitola
Jazyk:Slovak
Predmet:
Tagy: Pridať tag
Žiadne tagy, Buďte prvý, kto otaguje tento záznam!

MARC

LEADER 00000nla$a2200000$$$4500
001 0114965
005 20240502072302.5
041 0 |a slo 
044 |a SK 
245 1 0 |a Seriál : O riadení úverového rizika  |c Ctibor Pilch 
520 |a Modely predpovedania zlyhania podnikateľského subjektu . Metóda jednorozmernej diskriminačnej analýzy. Beaverov model. Zmijevského model. Metóda viacrozmernej diskriminačnej analýzy. Altmanovo Z-skóre. Interpretácia dosiahnutého Z-skóre. Modifikáciu Altmanovho modelu na podmienky českých podnikov. Springate model. Fulmerov model. Beermanov test . CH - index. 
610 2 0 |a riziko úverové 
610 2 0 |a diagnostika podniková 
610 2 0 |a situácia finančná podniku 
610 2 0 |a Česko 
610 2 0 |a modely ekonomicko-matematické 
100 1 |a Pilch, Ctibor, 1957-